000 00817nam a2200265 a 4500
001 000037765
003 DO-SdBNP
005 20240530073936.0
007 ta
008 130305s2012 dr 001 e spa d
020 _a9789945489248
040 _aDO-SdBNP
_bspa
_cBNPHU
049 _aBNPD
082 4 _aRD864.44
_bM632d
_222
100 1 _aMieses, Juan Carlos,
_d1947-
_925472
245 1 0 _aApologĂ­a de las palabras y otras variaciones /
_cJuan Carlos Mieses.
260 _aSanto Domingo :
_bSantuario,
_c2012.
300 _a139 p. ;
_c24 cm.
500 _aIncluye datos biográficos del autor en la solapa de la cubierta.
590 _aInventariado, 2022/BT
650 0 _aEnsayos dominicanos
_965
650 0 _aLiteratura dominicana.
_967
910 _aValidado. Control de calidad EMS
942 _2ddc
_cLBS1
999 _c37255
_d37255